000 01092cam a22002774a 4500
999 _c174314
_d174314
001 15315290
003 Nust
005 20170123145002.0
008 080604s2009 ohua b 001 0 eng
010 _a 2007906389
020 _a9780324658378
040 _aDLC
_cDLC
_dDLC
050 0 0 _aHF1017
_b.A6 2009
082 _a519.5
100 1 _aAnderson, David R.
_q(David Ray),
_d1941-
245 1 0 _aStatistics for business and economics /
_cDavid R. Anderson, Dennis J. Sweeney, Thomas A. Williams.
250 _a11th ed.
260 _aMason, OH :
_bThomson South-Western,
_cc2011.
300 _axxviii,1018 p. :
_bill. ;
_c27 cm. +
_e1 CD-ROM (4 3/4 in.)
504 _aIncludes bibliographical references (p. [916]-917) and index.
650 0 _aCommercial statistics
_xMethodology.
650 0 _aEconomics
_xStatistical methods.
650 0 _aStatistics.
700 1 _aSweeney, Dennis J.
700 1 _aWilliams, Thomas A.
_q(Thomas Arthur),
_d1944-
906 _a7
_bcbc
_corigcop
_d3
_encip
_f20
_gy-gencatlg
942 _2ddc
_cBK